000 00408nam a2200181Ia 4500
005 20250423095143.0
008 250422s9999 xx 000 0 und d
020 _a8122417221
050 _aTK 1001 .W2/
100 _aWadhwa, C.L.
245 0 _aElectrical power systems
260 _aNew Delhi
260 _bNew Age International
260 _c2005
300 _a887 p
650 _aEE
942 _cBK
999 _c29403
_d29403